| 000 | 00519nam a22001697a 4500 | ||
|---|---|---|---|
| 999 |
_c20146 _d20146 |
||
| 005 | 20180323161107.0 | ||
| 008 | 180323b2001 ck ||||| |||| 00| 0 spa d | ||
| 040 |
_aCO-BoIAVH _cCO-BoIAVH |
||
| 041 | _aspa | ||
| 044 | _ack | ||
| 090 |
_aFG- _b0287 |
||
| 110 | 2 |
_aColombia. _bMinisterio del Medio Ambiente |
|
| 245 | 1 | 0 | _aPrograma nacional para la conservación del oso andino Tremarctos Ornatus |
| 260 |
_aBogotá: _bMinisterio del Medio Ambiente , _c2001. |
||
| 300 | _a23 páginas: | ||
| 942 |
_2z _cFolleto |
||